000 00884nas a2200265 4500
001 BR2012009267
003 BR-BrBNA
005 20231205121622.0
007 ta
008 230509b bl.|||p| |||| 00| 00por d
040 _aBR-BrBNA
_bpor
_cBiblioteca Nacional de Agricultura
041 _a(Pt)
072 _aL50
100 1 _aGomes, C.L.N.
100 1 _aRibeiro Filho, J.D.
100 1 _aGuimarães, J.D.
100 1 _aMeneses, R.M.
245 1 _aEfeitos do polietilenoglicol 3350 e de soluções acidificantes e alcalinizantes sobre o perfil bioquímico de éguas hígidas
650 _aÉGUA
650 _aDESIDRATAÇÃO
650 _aBIOQUÍMICA ANIMAL
773 0 _tArquivo Brasileiro de Medicina Veterinária e Zootecnia (Brazil)
_xISSN 0102-0935
_g(Aug 2012), v. 64(4) p. 817-826
_wBR2012009267
909 _a202311
_bLúcia
_c55
_dLúcia Elande
942 _2AGRIS
_n0
_cANA
999 _c224409
_d224409